Statistieken voor Snelle wiskunde - verdrievoudig dat aantal!

Klik hier om de quiz te nemen!

Algemene statistieken

  • Deze quiz is 13 keer genomen
  • De gemiddelde score is 18 van 20

Antwoordstatistieken

nummerdrievoudig% Correct
34102
100%
35105
100%
36108
100%
40120
100%
41123
100%
43129
100%
47141
100%
48144
100%
49147
100%
515
100%
50150
100%
52156
100%
53159
100%
54162
100%
56168
100%
57171
100%
58174
100%
59177
100%
60180
100%
62186
100%
63189
100%
68204
100%
69207
100%
721
100%
70210
100%
74222
100%
75225
100%
76228
100%
77231
100%
79237
100%
824
100%
80240
100%
81243
100%
82246
100%
83249
100%
84252
100%
85255
100%
927
100%
90270
100%
91273
100%
93279
100%
94282
100%
97291
100%
1030
100%
100300
100%
1133
100%
1236
100%
1339
100%
1648
100%
1854
100%
2060
100%
2163
100%
2266
100%
2472
100%
2575
100%
2781
100%
2884
100%
2987
100%
3090
100%
3193
100%
3296
100%
3399
100%
66198
75%
39117
67%
73219
67%
92276
67%
38114
50%
44132
50%
64192
50%
71213
50%
88264
50%
89267
50%
95285
50%
1751
50%
2678
50%
37111
0%
42126
0%
45135
0%
46138
0%
51153
0%
55165
0%
618
0%
61183
0%
65195
0%
67201
0%
72216
0%
78234
0%
86258
0%
87261
0%
96288
0%
98294
0%
99297
0%
1442
0%
1545
0%
1957
0%
2369
0%

Scoreverdeling

Percentiel versus Aantal Correcte Antwoorden

Procent van Mensen met Elke Score

Uw Scoregeschiedenis

U heeft deze quiz nog niet genomen